| 000 | 00769cam a22002653a 4500 | ||
|---|---|---|---|
| 001 | 9081 | ||
| 003 | PGUSA | ||
| 005 | 20140828083208.0 | ||
| 008 | 051001s2005||||xxu|||||s|||||000 1 eng d | ||
| 040 |
_aPGUSA _beng |
||
| 042 | _adc | ||
| 050 | 4 | _aPS | |
| 100 | 1 | _aStark, Harriet | |
| 245 | 1 | 4 |
_aThe Bacillus of Beauty : _bA Romance of To-day _h[electronic resource] / _cHarriet Stark |
| 260 |
_bProject Gutenberg, _c2005 |
||
| 506 | _aPublic domain in the USA. | ||
| 516 | _aElectronic text | ||
| 653 | _aNew York (N.Y.) -- Fiction | ||
| 653 | _aBeauty, Personal -- Fiction | ||
| 653 | _aMan-woman relationships -- Fiction | ||
| 653 | _aScience fiction | ||
| 830 | 0 |
_aProject Gutenberg _v9081 |
|
| 856 | 4 | 0 | _uhttp://www.gutenberg.org/ebooks/9081 |
| 942 | _cEB | ||
| 999 |
_c238365 _d238365 |
||